<?xml version="1.0" encoding="UTF-8"?>
<record
    xmlns:xsi="http://www.w3.org/2001/XMLSchema-instance"
    xsi:schemaLocation="http://www.loc.gov/MARC21/slim http://www.loc.gov/standards/marcxml/schema/MARC21slim.xsd"
    xmlns="http://www.loc.gov/MARC21/slim">

  <leader>010620000a22001090004500</leader>
  <datafield tag="100" ind1="1" ind2=" ">
    <subfield code="a">Almada, Samuel E.</subfield>
  </datafield>
  <datafield tag="245" ind1="1" ind2="0">
    <subfield code="a">La profec&#xED;a de Ezequiel : Se&#xF1;ales de esperanza para exiliados. Or&#xE1;culos, visiones y estructuras</subfield>
  </datafield>
  <datafield tag="300" ind1=" " ind2=" ">
    <subfield code="a">Num. 35-36 (2000), P&#xE1;ginas 103-121</subfield>
  </datafield>
  <datafield tag="520" ind1=" " ind2=" ">
    <subfield code="a">La propuesta del presente trabajo es brindar un panorama del conjunto del libro de Ezequiel, partiendo del contexto de exilio y la situaci&#xF3;n socio-pol&#xED;tica de los deportados. Se remarcan aspectos particulares y relevantes como el perfil del profeta, caracter&#xED;sticas ling&#xFC;&#xED;sticas, elementos de forma y contenido del material oracular y de las visiones, que en este caso est&#xE1;n cuidadosamente elaboradas y desarrolladas. Asimismo se presta especial atenci&#xF3;n a la configuraci&#xF3;n de estructuras que constituyen una forma de articulaci&#xF3;n del mensaje-proyecto que se est&#xE1; proponiendo, para recrear la esperanza de salvaci&#xF3;n y restauraci&#xF3;n de la comunidad, en medio de una situaci&#xF3;n de adversidad.</subfield>
  </datafield>
  <datafield tag="773" ind1="0" ind2=" ">
    <subfield code="t">Revista de Interpretaci&#xF3;n B&#xED;blica Latinoamericana</subfield>
  </datafield>
  <datafield tag="942" ind1=" " ind2=" ">
    <subfield code="c">ANA</subfield>
  </datafield>
  <datafield tag="952" ind1=" " ind2=" ">
    <subfield code="0">0</subfield>
    <subfield code="1">0</subfield>
    <subfield code="4">0</subfield>
    <subfield code="7">0</subfield>
    <subfield code="8">HEM</subfield>
    <subfield code="a">FUSBC</subfield>
    <subfield code="b">FUSBC</subfield>
    <subfield code="d">2016-01-26</subfield>
    <subfield code="l">0</subfield>
    <subfield code="o"> </subfield>
    <subfield code="r">2016-01-26 00:00:00</subfield>
    <subfield code="w">2016-01-26</subfield>
    <subfield code="y">ANA</subfield>
  </datafield>
  <datafield tag="999" ind1=" " ind2=" ">
    <subfield code="c">52530</subfield>
    <subfield code="d">52530</subfield>
  </datafield>
</record>
